MARC

LEADER 00000nam1a2200000 4500
001 379112
005 20231102013049.0
035 |a (RuTPU)RU\TPU\retro\36574 
035 |a RU\TPU\retro\36572 
090 |a 379112 
100 |a 20230629d1955 k y0rusy50 ca 
101 0 |a rus 
102 |a RU 
200 1 |a Трение и износ при резании металлов  |e [сборник]  |f Академия наук СССР, Институт машиноведения, Комиссия по технологии машиностроения ; под ред. В. И. Дикушина 
210 |a Москва  |c Машгиз  |d 1955 
215 |a 142 с.  |c ил. 
320 |9 572  |a Библиогр. в конце ст. 
606 1 |a Резание металлов  |x Физические основы  |2 stltpush  |3 (RuTPU)RU\TPU\subj\24542  |9 48870 
610 1 |a трение 
610 1 |a износ 
610 1 |a механическая обработка 
610 1 |a режущие инструменты 
610 1 |a износостойкость 
675 |a 621.91.01  |v 3 
702 1 |a Дикушин  |b В. И.  |4 340 
712 0 2 |a Академия наук СССР  |b Институт машиноведения  |b Комиссия по технологии машиностроения  |c (Москва)  |c (1938-1961)  |2 stltpush  |3 (RuTPU)RU\TPU\col\13724 
801 0 |a RU  |b 63413507  |c 20011210  |g PSBO 
801 2 |a RU  |b 63413507  |c 20230629  |g PSBO 
942 |c BK